[Event "ch-RUS Blitz w 2016"]
[Site "Sochi RUS"]
[Date "2016.10.04"]
[Round "7.11"]
[White "Severina, Maria"]
[Black "Komiagina, Maria"]
[Result "1-0"]
[WhiteTitle "WIM"]
[BlackTitle "WIM"]
[WhiteElo "2232"]
[BlackElo "2247"]
[WhiteFideId "4116909"]
[BlackFideId "4153987"]
[EventDate "2016.10.04"]

1. Nf3 Nf6 2. g3 g6 3. Bg2 Bg7 4. d4 d6 5. O-O Nbd7 6. Nbd2 O-O 7. e4 e5 8. c3
h6 9. Re1 Re8 10. b3 g5 11. Bb2 Nf8 12. Qc2 Ng6 13. Rad1 Qe7 14. dxe5 dxe5 15.
Nc4 Bd7 16. Ba3 Qe6 17. Ne3 Bc6 18. Nd5 Rac8 19. c4 Nd7 20. b4 a6 21. Bb2 Bf8
22. a3 Kh7 23. a4 Bxd5 24. exd5 Qb6 25. Bh3 Rcd8 26. Nxe5 Nxe5 27. Rxe5 Rxe5 28.
Bxe5 Qxb4 29. Qf5 Qe7 30. Bf6 Qe2 31. Bg4 Qe8 32. Bxd8 Qxd8 33. Qxf7+ Bg7 34.
Bf5 Qf6 35. Qxf6 Bxf6 36. a5 Be5 37. Rb1 Kg7 38. Bxg6 Kxg6 39. Rxb7 Kf5 40. f3
Bd6 41. Kf2 Ke5 42. Ke3 Bc5+ 43. Kd3 Kd6 44. Rb8 c6 45. dxc6 Kxc6 46. Rh8 Bb4
47. Rxh6+ Kb7 48. Rb6+ 1-0

[Event "ch-RUS Blitz w 2016"]
[Site "Sochi RUS"]
[Date "2016.10.04"]
[Round "7.12"]
[White "Belova, Olga"]
[Black "Baraeva, Marina"]
[Result "1-0"]
[WhiteTitle "WFM"]
[BlackTitle "WIM"]
[WhiteElo "2035"]
[BlackElo "2173"]
[WhiteFideId "4138422"]
[BlackFideId "24142573"]
[EventDate "2016.10.04"]

1. e4 e6 2. d4 d5 3. Nc3 Nf6 4. Bg5 dxe4 5. Nxe4 Nbd7 6. Nf3 Be7 7. Nxf6+ Bxf6
8. Bxf6 Nxf6 9. Bd3 O-O 10. O-O b6 11. Qe2 Bb7 12. Rfd1 Rc8 13. c4 Qe8 14. Rac1
c5 15. dxc5 Rxc5 16. b4 Rh5 17. Ne5 Qa8 18. f3 Qb8 19. Re1 Rd8 20. c5 Rxe5 21.
Qxe5 Qxe5 22. Bxh7+ Kxh7 23. Rxe5 Nd5 24. c6 Bc8 25. b5 Rd6 26. a4 Kg8 27. Kf2
Kf8 28. Re4 Ke7 29. a5 Nc7 30. axb6 axb6 31. Rb4 Rd5 32. Rcb1 Kd6 33. Ke3 Re5+
34. Kf2 Rc5 35. Rd4+ Rd5 36. Rg4 g6 37. Rgb4 e5 38. g4 f6 39. h4 Be6 40. h5 gxh5
41. gxh5 Bf5 42. R1b2 Bd3 43. h6 Ke6 44. Ke3 Kf7 45. Rd2 Bxb5 46. Rxb5 Rxd2 47.
Ke4 1-0

[Event "ch-RUS Blitz w 2016"]
[Site "Sochi RUS"]
[Date "2016.10.04"]
[Round "7.13"]
[White "Bocharova, Ulyana"]
[Black "Semenova, Elena1"]
[Result "0-1"]
[BlackTitle "WIM"]
[WhiteElo "1852"]
[BlackElo "2256"]
[WhiteFideId "24174513"]
[BlackFideId "24125148"]
[EventDate "2016.10.04"]

1. d4 f5 2. f4 Nf6 3. Nf3 e6 4. e3 c5 5. c3 Nc6 6. Bd3 Be7 7. O-O O-O 8. Nbd2 b6
9. Ne5 Bb7 10. Nxc6 Bxc6 11. Be2 Rc8 12. Bf3 Qc7 13. Bxc6 Qxc6 14. Qe2 Ne4 15.
Nxe4 Qxe4 16. Bd2 cxd4 17. cxd4 Rc2 18. b3 Bb4 19. Rfd1 Rfc8 20. Rac1 h6 21. h3
R8c6 22. a4 Rxd2 23. Qh5 Qxg2# 0-1

[Event "ch-RUS Blitz w 2016"]
[Site "Sochi RUS"]
[Date "2016.10.04"]
[Round "7.14"]
[White "Vasilevich, Irina"]
[Black "Sukhareva, Evgeniya"]
[Result "1-0"]
[WhiteTitle "IM"]
[WhiteElo "2285"]
[BlackElo "2151"]
[WhiteFideId "4141296"]
[BlackFideId "4167155"]
[EventDate "2016.10.04"]

1. c4 e6 2. Nf3 Nf6 3. e3 d5 4. b3 b6 5. Bb2 Bb7 6. Be2 Nbd7 7. Qc2 c5 8. d3 Be7
9. Nbd2 O-O 10. O-O Rc8 11. a3 a6 12. Rac1 Re8 13. Qb1 Bf8 14. Rfd1 Qc7 15. d4
Qb8 16. cxd5 Nxd5 17. Bf1 N5f6 18. Bd3 Qa8 19. Bc3 cxd4 20. Bxd4 Bxa3 21. Rxc8
Rxc8 22. e4 h6 23. e5 Nd5 24. Be4 Nf4 25. Bxb7 Qxb7 26. Kf1 Bc5 27. Nc4 Bb4 28.
Nd6 Bxd6 29. exd6 e5 30. Be3 Nd5 31. Qf5 Nxe3+ 32. fxe3 Re8 33. Rc1 Rc8 34. Rd1
g6 35. Qh3 h5 36. Qg3 Qe4 37. Qf2 Rc2 38. Rd2 Rc1+ 39. Ne1 Qb1 40. Qe2 Qxb3 41.
Kf2 Qe6 42. Nf3 Rc6 43. Qxa6 Rxd6 44. Qc8+ Kg7 45. Rc2 Nc5 46. Qb8 Nd3+ 47. Kg1
Nc5 48. Rc1 Ne4 49. Rb1 Nf6 50. h3 Nd5 51. e4 Nc3 52. Re1 Rd1 53. Rxd1 Nxd1 54.
Nxe5 Nc3 55. Nf3 Nxe4 56. Qf4 Nf6 57. Qb4 Qc6 58. Qb2 Kg8 59. Kh1 Ne4 60. Kg1
Qc5+ 61. Kh2 Qd6+ 62. Kg1 Qd1+ 63. Kh2 Qd6+ 64. Kg1 Qc5+ 65. Kh2 Qf2 66. Qc1
Qg3+ 67. Kg1 Nf2 68. Qc8+ Kh7 69. Kf1 Ne4 70. Qc2 Nf6 71. Qb2 Ne4 72. Qa2 Nd6
73. Qd2 Kg7 74. Kg1 Kh7 75. Qb2 Ne4 76. Qa2 b5 77. Qxf7+ Kh8 78. Qe8+ Kh7 79.
Qxe4 Qc7 80. Ne5 Qc5+ 81. Kh2 Qc7 82. Qxg6+ Kh8 83. Qxh5+ Kg8 84. Qg6+ Kh8 85.
Qe8+ Kh7 86. Qd7+ Qxd7 87. Nxd7 b4 88. Nc5 1-0

[Event "ch-RUS Blitz w 2016"]
[Site "Sochi RUS"]
[Date "2016.10.04"]
[Round "7.15"]
[White "Travkina, Anastasia"]
[Black "Shaydullina, Sandugach"]
[Result "0-1"]
[WhiteTitle "WFM"]
[BlackTitle "WGM"]
[WhiteElo "2292"]
[BlackElo "2142"]
[WhiteFideId "24129151"]
[BlackFideId "4140389"]
[EventDate "2016.10.04"]

1. e4 c5 2. Nf3 Nc6 3. d4 cxd4 4. Nxd4 Nf6 5. Nc3 d6 6. Bg5 Bd7 7. Qd2 h6 8.
Bxf6 gxf6 9. f4 Rc8 10. O-O-O Nxd4 11. Qxd4 Qa5 12. Kb1 Qc5 13. Qd2 f5 14. Bd3
Bg7 15. e5 e6 16. Be2 d5 17. Bf3 b5 18. Ne2 b4 19. Nd4 a5 20. Rhg1 h5 21. g3 a4
22. h3 a3 23. bxa3 bxa3 24. Nb3 Qc4 25. Qd3 Qb4 26. Rg2 Rc3 27. Qe2 Bb5 28. Qf2
Bf8 29. Rd4 Bc4 30. Be2 Bc5 31. Bxc4 Bxd4 32. Qxd4 dxc4 33. Qa7 O-O 34. g4 fxg4
35. hxg4 h4 36. g5 cxb3 37. axb3 Rf3 38. g6 Rf1+ 39. Ka2 Qc3 40. gxf7+ Kh7 0-1

[Event "ch-RUS Blitz w 2016"]
[Site "Sochi RUS"]
[Date "2016.10.04"]
[Round "8.1"]
[White "Girya, Olga"]
[Black "Tomilova, Elena"]
[Result "1/2-1/2"]
[WhiteTitle "WGM"]
[BlackTitle "WIM"]
[WhiteElo "2446"]
[BlackElo "2309"]
[WhiteFideId "4195752"]
[BlackFideId "4162340"]
[EventDate "2016.10.04"]

1. d4 Nf6 2. Nf3 b6 3. g3 Bb7 4. Bg2 g6 5. O-O Bg7 6. c4 O-O 7. Nc3 Ne4 8. Nxe4
Bxe4 9. Bd2 d5 10. cxd5 Qxd5 11. Bc3 Nd7 12. e3 c5 13. dxc5 Bxc3 14. bxc3 Nxc5
15. Qxd5 Bxd5 16. Rfd1 Rfd8 17. Nd4 Bxg2 18. Kxg2 Rac8 19. Rab1 Ne4 20. Nb5 a6
21. Rxd8+ Rxd8 22. Nd4 b5 1/2-1/2

[Event "ch-RUS Blitz w 2016"]
[Site "Sochi RUS"]
[Date "2016.10.04"]
[Round "8.2"]
[White "Nechaeva, Marina"]
[Black "Pustovoitova, Daria"]
[Result "0-1"]
[WhiteTitle "IM"]
[BlackTitle "FM"]
[WhiteElo "2428"]
[BlackElo "2386"]
[WhiteFideId "4149351"]
[BlackFideId "4182146"]
[EventDate "2016.10.04"]

1. d4 d5 2. c4 c6 3. Nc3 Nf6 4. e3 e6 5. Nf3 Nbd7 6. Qc2 Bd6 7. b3 O-O 8. Bb2
Re8 9. Be2 dxc4 10. bxc4 e5 11. O-O exd4 12. exd4 Nf8 13. h3 Ng6 14. Rfe1 Be6
15. Ng5 Bd7 16. c5 Bf4 17. Nf3 Be6 18. Bf1 Nd5 19. Ne4 h6 20. a3 Qd7 21. Ne5
Bxe5 22. dxe5 Bf5 23. Bd3 Bxe4 24. Bxe4 Nge7 25. Qe2 Qe6 26. Bc2 Rad8 27. Qe4 g6
28. Rad1 Rd7 29. Kh2 Red8 30. f4 Qf5 31. Qxf5 Nxf5 32. e6 fxe6 33. Rxe6 Nxf4 34.
Re8+ Rxe8 35. Rxd7 Re2 36. Bxf5 Rxg2+ 37. Kh1 Rxb2 38. Rd8+ Kf7 39. Bc8 Kf6 40.
Rd7 Kg5 41. Bxb7 Rc2 42. Bxc6 Rxc5 43. Be4 Ra5 44. h4+ Kxh4 45. Rd4 Rxa3 46.
Bxg6 Kg3 47. Bc2 Ra2 48. Bb3 0-1

[Event "ch-RUS Blitz w 2016"]
[Site "Sochi RUS"]
[Date "2016.10.04"]
[Round "8.3"]
[White "Charochkina, Daria"]
[Black "Ambartsumova, Karina"]
[Result "1-0"]
[WhiteTitle "IM"]
[BlackTitle "WGM"]
[WhiteElo "2366"]
[BlackElo "2280"]
[WhiteFideId "4180917"]
[BlackFideId "4166299"]
[EventDate "2016.10.04"]

1. Nf3 d5 2. d4 Nf6 3. c4 e6 4. Nc3 Bb4 5. cxd5 exd5 6. Bg5 Nbd7 7. e3 h6 8. Bh4
g5 9. Bg3 Ne4 10. Rc1 h5 11. h4 Nxg3 12. fxg3 gxh4 13. gxh4 Qe7 14. Qd3 c6 15.
Be2 Nf6 16. a3 Bd6 17. Ng5 Bg4 18. Kd2 O-O-O 19. Rcf1 Bxe2 20. Nxe2 Kb8 21. Kc1
Ng4 22. Nxf7 Rhf8 23. Nxd8 Nf2 24. Rxf2 Rxf2 25. Nxc6+ bxc6 26. Rd1 Rxg2 27. Nc3
Rg3 28. Re1 Qxh4 29. Qf5 Rg5 30. Qf1 Rf5 31. Qxf5 Qxe1+ 32. Kc2 Qxe3 33. Qd7 Bc7
34. Qxc6 Qxd4 35. Qxc7+ Kxc7 36. Nb5+ 1-0

[Event "ch-RUS Blitz w 2016"]
[Site "Sochi RUS"]
[Date "2016.10.04"]
[Round "8.5"]
[White "Pogonina, Natalija"]
[Black "Drozdova, Dina"]
[Result "1/2-1/2"]
[WhiteTitle "WGM"]
[BlackTitle "WIM"]
[WhiteElo "2484"]
[BlackElo "2242"]
[WhiteFideId "4147855"]
[BlackFideId "4170695"]
[EventDate "2016.10.04"]

1. d4 g6 2. c4 Bg7 3. Nc3 c5 4. d5 Bxc3+ 5. bxc3 f5 6. e3 d6 7. Bd3 Nf6 8. Ne2
Qa5 9. Bd2 Nbd7 10. Nf4 Nb6 11. Ne6 Bxe6 12. dxe6 O-O-O 13. O-O Qa6 14. Qe2 Kb8
15. a4 d5 16. cxd5 c4 17. Bc2 Nbxd5 18. Rab1 Rc8 19. Rb5 Qxe6 20. Rfb1 Rc7 21.
f3 a6 22. R5b2 g5 23. e4 Nf4 24. Bxf4 gxf4 25. Rb4 fxe4 26. Bxe4 Nxe4 27. fxe4
Rd8 28. e5 Qd5 29. Qh5 e6 30. Qe2 Qd3 31. Kf2 Qxe2+ 32. Kxe2 Rd3 33. Rf1 Re3+
34. Kd2 Rd7+ 35. Kc2 Re2+ 36. Kc1 Rxg2 37. Rxc4 Rxh2 38. Rcxf4 Rdd2 39. Rb4 Rd7
40. Rf6 Rg7 41. Rf1 h5 42. Rb6 Rgg2 43. Rxe6 Rc2+ 44. Kb1 Rb2+ 45. Ka1 Ra2+ 46.
Kb1 Rab2+ 47. Ka1 Ra2+ 1/2-1/2

[Event "ch-RUS Blitz w 2016"]
[Site "Sochi RUS"]
[Date "2016.10.04"]
[Round "8.6"]
[White "Bodnaruk, Anastasia"]
[Black "Diakonova, Ekaterina"]
[Result "1-0"]
[WhiteTitle "IM"]
[WhiteElo "2463"]
[BlackElo "2321"]
[WhiteFideId "4181751"]
[BlackFideId "24172936"]
[EventDate "2016.10.04"]

1. e4 c6 2. d4 d5 3. e5 Bf5 4. Nf3 e6 5. Be2 c5 6. c3 Nc6 7. O-O cxd4 8. Nxd4
Nge7 9. Nxf5 Nxf5 10. Bd3 Be7 11. Re1 O-O 12. Nd2 d4 13. c4 Nb4 14. Bb1 Qc7 15.
a3 Nc6 16. Nf3 a5 17. b3 Rfd8 18. Bd3 Nh4 19. Nxh4 Bxh4 20. Qh5 g6 21. Qxh4 Nxe5
22. Bf4 1-0

[Event "ch-RUS Blitz w 2016"]
[Site "Sochi RUS"]
[Date "2016.10.04"]
[Round "8.7"]
[White "Gubernatorova, Lyudmila"]
[Black "Berdychevskaya, Natasha"]
[Result "1-0"]
[BlackTitle "WFM"]
[WhiteElo "2200"]
[BlackElo "2208"]
[WhiteFideId "4123840"]
[BlackFideId "4159322"]
[EventDate "2016.10.04"]

1. d4 Nf6 2. c4 Nc6 3. Nf3 e6 4. a3 d5 5. Bg5 Be7 6. e3 O-O 7. Nc3 h6 8. Bh4
dxc4 9. Bxc4 Nd5 10. Bg3 a6 11. O-O Bd6 12. Qe2 Nce7 13. Rac1 c6 14. Rfd1 Nf5
15. Bxd6 Qxd6 16. e4 Nxc3 17. Rxc3 Ne7 18. e5 Qd8 19. Qe4 c5 20. Rcc1 Qb6 21.
Bd3 Ng6 22. h4 f5 23. exf6 Rxf6 24. h5 Nf4 25. Qh7+ Kf7 26. Ne5+ Ke8 27. Qxg7
Qd8 28. dxc5 Nxd3 29. Rxd3 Qe7 30. Qg8+ Qf8 31. Qg3 b5 32. Rcd1 Bb7 33. c6 Bxc6
34. Nxc6 Rc8 35. Rd8+ Rxd8 36. Rxd8+ Kf7 37. Rxf8+ 1-0

[Event "ch-RUS Blitz w 2016"]
[Site "Sochi RUS"]
[Date "2016.10.04"]
[Round "8.8"]
[White "Markelova, Lubov"]
[Black "Gvanceladze, Anna"]
[Result "0-1"]
[WhiteTitle "WFM"]
[BlackTitle "WFM"]
[WhiteElo "2133"]
[BlackElo "2223"]
[WhiteFideId "24131369"]
[BlackFideId "4113721"]
[EventDate "2016.10.04"]

1. Nf3 Nf6 2. c4 d6 3. d4 Nbd7 4. Nc3 e5 5. e4 Be7 6. Be2 O-O 7. O-O Re8 8. Qc2
c6 9. d5 a5 10. a3 Qc7 11. Bd2 Nc5 12. b4 axb4 13. axb4 Rxa1 14. Rxa1 Na6 15.
Qb3 Qb6 16. Na4 Qd8 17. Bd3 cxd5 18. cxd5 Bd7 19. Be3 b5 20. Nb6 Nc7 21. Ra7 Ng4
22. Nxd7 Nxe3 23. fxe3 Qxd7 24. Qc3 Bd8 25. Qc6 Qxc6 26. dxc6 Kf8 27. Rb7 Ke7
28. Bxb5 Ke6 29. Bc4+ Kf6 30. b5 Ne6 31. Bxe6 fxe6 32. c7 Bxc7 33. Rxc7 Rb8 34.
Rc6 Rxb5 35. Rxd6 Rb1+ 36. Kf2 Rb2+ 37. Kg3 Rb3 38. Kf2 Rb2+ 39. Rd2 Rb3 40. Ra2
Rc3 41. Nd2 Rd3 42. Ke2 Rc3 43. Ra8 Rc1 44. Rf8+ Ke7 45. Rg8 Kf7 46. Rb8 Ra1 47.
Rb7+ Kf6 48. Nc4 Ra2+ 49. Rb2 Ra4 50. Nd2 Ra1 51. Rb5 Ra4 52. Kf3 Ra2 53. Nc4
Rc2 54. Nxe5 Ra2 55. Ng4+ Kg6 56. Rb6 Kf7 57. e5 Ra7 58. Nf2 Ke7 59. Ne4 Kf7 60.
Nd6+ Kg6 61. Rb7 Ra5 62. Kf4 Ra4+ 63. e4 Ra2 64. Kg3 Re2 65. Ne8 Rxe4 66. Rxg7+
Kh6 67. Rg4 Rxe5 68. Nf6 Re3+ 69. Kf2 Ra3 70. Re4 Ra6 71. Ng4+ Kg6 72. h3 Kf5
73. Re5+ Kg6 74. Ne3 Kf6 75. Rh5 Kg6 76. Rb5 Ra2+ 77. Kf3 Ra6 78. g4 Kf6 79. h4
Rc6 80. Kf4 Ra6 81. g5+ Kg6 82. Re5 Kf7 83. h5 Ra4+ 84. Re4 Ra5 85. Ng4 Rf5+ 86.
Kg3 Rxg5 87. Kh4 Ra5 88. Ne5+ Kf6 89. Ng4+ Kf5 90. Rc4 Ra1 91. Ne3+ Kf6 92. Rf4+
Ke5 93. Rg4 Kf6 0-1

[Event "ch-RUS Blitz w 2016"]
[Site "Sochi RUS"]
[Date "2016.10.04"]
[Round "8.9"]
[White "Vasilevich, Tatjana"]
[Black "Nebolsina, Vera"]
[Result "0-1"]
[WhiteTitle "IM"]
[BlackTitle "WGM"]
[WhiteElo "2372"]
[BlackElo "2219"]
[WhiteFideId "14101610"]
[BlackFideId "4163591"]
[EventDate "2016.10.04"]

1. d4 f5 2. g3 Nf6 3. Bg2 g6 4. Nh3 Bg7 5. Nf4 Nc6 6. h4 e5 7. dxe5 Nxe5 8. h5
d6 9. h6 Bf8 10. b3 Nf7 11. Bb2 Bxh6 12. Nc3 Bg7 13. Qd2 Ne4 14. Qe3 O-O 15.
Bxe4 fxe4 16. Qxe4 Bf5 17. Qg2 c6 18. e4 Qa5 19. Ne2 Rfe8 20. O-O-O Bd7 21. Kb1
Ne5 22. Rxd6 Bg4 23. Rhd1 Bf3 24. Qh3 Bg4 25. Qh4 Qc7 26. f4 Bxe2 27. Nxe2 Nf3
28. Qh1 Nd4 29. Bxd4 Qxd6 30. Bxg7 Qe6 31. Be5 Rad8 32. Rf1 Rd2 33. Nd4 Qe7 34.
Qh6 Rd8 35. Nf3 Rd1+ 36. Rxd1 Rxd1+ 37. Kb2 Rd7 38. Nh4 Qe6 39. Nf3 Qg4 40. Ng5
Qh5 41. Qxh5 0-1

[Event "ch-RUS Blitz w 2016"]
[Site "Sochi RUS"]
[Date "2016.10.04"]
[Round "8.10"]
[White "Belenkaya, Dina"]
[Black "Gritsayeva, Oksana"]
[Result "0-1"]
[WhiteTitle "WFM"]
[BlackTitle "WFM"]
[WhiteElo "2313"]
[BlackElo "2321"]
[WhiteFideId "24142654"]
[BlackFideId "14104652"]
[EventDate "2016.10.04"]

1. e4 c5 2. Nf3 e6 3. c4 Nc6 4. Nc3 Nd4 5. Nxd4 cxd4 6. Ne2 e5 7. Ng3 g6 8. Be2
Bg7 9. d3 Ne7 10. O-O d6 11. f4 exf4 12. Bxf4 Nc6 13. Bg4 O-O 14. Bxc8 Rxc8 15.
Qd2 Ne5 16. Ne2 a6 17. Kh1 Qb6 18. Bg3 Ng4 19. Nf4 Ne3 20. Rf3 Qc6 21. Nd5 Nxd5
22. exd5 Qd7 23. Qb4 b5 24. Qxd6 Qb7 25. b3 bxc4 26. dxc4 Rfe8 27. Raf1 f5 28.
Rd3 Re2 29. h3 Rce8 30. a4 Rb2 31. Qc6 Qe7 32. d6 Qe2 33. Rg1 Rd8 34. Rgd1 Rxb3
35. Qf3 Qxf3 36. gxf3 Rb4 37. c5 Rc4 38. Bh4 Rd7 39. Rb1 Rxc5 40. Rb6 Rc3 41.
Rxc3 dxc3 42. Rc6 Kf7 43. Be7 a5 44. Rc5 Ke6 45. Kg2 Be5 46. Rxa5 Rb7 47. Rc5
Rb2+ 48. Kf1 c2 49. Ke1 Bxd6 50. Bxd6 Kxd6 51. Kd2 Kxc5 52. Kc1 Ra2 53. Kd2 Kb4
54. Kc1 Kc3 0-1

[Event "ch-RUS Blitz w 2016"]
[Site "Sochi RUS"]
[Date "2016.10.04"]
[Round "8.11"]
[White "Komiagina, Maria"]
[Black "Severina, Maria"]
[Result "0-1"]
[WhiteTitle "WIM"]
[BlackTitle "WIM"]
[WhiteElo "2247"]
[BlackElo "2232"]
[WhiteFideId "4153987"]
[BlackFideId "4116909"]
[EventDate "2016.10.04"]

1. e4 e5 2. Nf3 Nc6 3. Bb5 a6 4. Ba4 Nf6 5. O-O Be7 6. Re1 b5 7. Bb3 d6 8. c3
O-O 9. d4 Bg4 10. d5 Na5 11. Bc2 c6 12. h3 Bc8 13. dxc6 Qc7 14. Nbd2 Qxc6 15.
Nf1 Bb7 16. Ng3 g6 17. Bg5 Rfe8 18. Qe2 Nd7 19. Bxe7 Rxe7 20. Rad1 Nf8 21. Nh2
Ne6 22. Qg4 Ng7 23. Qh4 Rc7 24. Ng4 Ne8 25. Qg5 Kh8 26. h4 Qc4 27. h5 Qe6 28.
hxg6 fxg6 29. Rd3 Qe7 30. Qh6 Qg7 31. Qh4 Qe7 32. Qh6 Qg7 33. Qxg7+ Kxg7 34. Ne3
Nc4 35. Nxc4 bxc4 36. Rd2 Rb8 37. Ba4 Bc6 38. Bxc6 Rxc6 39. Nf1 Rcb6 40. Rb1 Nf6
41. f3 Rc6 42. Ne3 Nd7 43. Rd5 Nc5 44. Nxc4 Na4 45. Rbd1 Rxc4 46. b3 Nxc3 47.
bxc4 Nxd1 48. Rxd1 Rb6 49. Rd2 Kf6 50. Kf2 Ke6 51. Ke3 Rb4 52. Kd3 Rb1 53. Kc3
h5 54. Rd5 Rg1 55. Rd2 g5 56. Kb4 Rc1 57. Ka5 Rxc4 58. Kxa6 g4 59. Kb5 Rc5+ 60.
Kb4 gxf3 61. gxf3 Rc8 62. a4 h4 63. Rh2 Rh8 64. a5 Kd7 65. Kb5 Kc7 66. a6 h3 67.
Ka5 Rh7 68. Rc2+ Kb8 69. Kb6 h2 70. a7+ Rxa7 71. Rxh2 Rb7+ 72. Kc6 Rb3 73. Rh8+
Ka7 74. Kxd6 Rxf3 75. Kxe5 Kb6 76. Rd8 Kc7 77. Rd1 Rf8 78. Ke6 Re8+ 79. Kf5 Rf8+
80. Kg6 Re8 81. Rd4 Kc6 82. Kf7 Rh8 83. e5 Kc5 84. Rd1 Rh7+ 85. Kg6 Ra7 86. e6
Kc6 0-1

[Event "ch-RUS Blitz w 2016"]
[Site "Sochi RUS"]
[Date "2016.10.04"]
[Round "8.12"]
[White "Baraeva, Marina"]
[Black "Belova, Olga"]
[Result "1-0"]
[WhiteTitle "WIM"]
[BlackTitle "WFM"]
[WhiteElo "2173"]
[BlackElo "2035"]
[WhiteFideId "24142573"]
[BlackFideId "4138422"]
[EventDate "2016.10.04"]

1. d4 Nf6 2. c4 e6 3. Nc3 Bb4 4. Qc2 Nc6 5. Nf3 d6 6. Bd2 O-O 7. a3 Bxc3 8. Bxc3
a5 9. e3 Qe7 10. Be2 e5 11. d5 Nd8 12. O-O Ne8 13. b4 axb4 14. axb4 Rxa1 15.
Bxa1 f5 16. c5 Bd7 17. Rc1 Nf7 18. c6 Bc8 19. cxb7 Bxb7 20. Bc4 Ng5 21. Nxg5
Qxg5 22. Qe2 Nf6 23. Rd1 h6 24. f3 Ra8 25. Bb2 Qh4 26. Ra1 Rxa1+ 27. Bxa1 Bxd5
28. Bxd5+ Nxd5 29. b5 Qa4 30. Bb2 Qb3 31. Bc1 Nc3 32. Qd3 e4 33. fxe4 fxe4 34.
Qd2 Nxb5 35. Bb2 Qd3 36. Qc1 c5 37. Ba1 c4 38. Qb2 Qxe3+ 39. Kf1 Qd3+ 40. Kf2
e3+ 41. Kg3 e2+ 42. Kh4 c3 43. Qb3+ Qd5 1-0

[Event "ch-RUS Blitz w 2016"]
[Site "Sochi RUS"]
[Date "2016.10.04"]
[Round "8.13"]
[White "Semenova, Elena1"]
[Black "Bocharova, Ulyana"]
[Result "1-0"]
[WhiteTitle "WIM"]
[WhiteElo "2256"]
[BlackElo "1852"]
[WhiteFideId "24125148"]
[BlackFideId "24174513"]
[EventDate "2016.10.04"]

1. e4 d5 2. exd5 Qxd5 3. Nc3 Qa5 4. Bc4 Nf6 5. d3 c6 6. Bd2 Qc7 7. Qe2 Bf5 8. h3
e6 9. g4 Bg6 10. f4 Be7 11. Nf3 Nbd7 12. O-O-O O-O-O 13. f5 exf5 14. Qxe7 Rhe8
15. Qa3 fxg4 16. Ng5 Kb8 17. Bxf7 Bxf7 18. Nxf7 Rc8 19. Nd6 gxh3 20. Nxc8 Qxc8
21. Bf4+ Ka8 22. Rxh3 Nb6 23. Re3 Rf8 24. Bd6 Rd8 25. Bc5 Qc7 26. Re7 Qf4+ 27.
Kb1 Nfd5 28. Nxd5 cxd5 1-0

[Event "ch-RUS Blitz w 2016"]
[Site "Sochi RUS"]
[Date "2016.10.04"]
[Round "8.14"]
[White "Sukhareva, Evgeniya"]
[Black "Vasilevich, Irina"]
[Result "0-1"]
[BlackTitle "IM"]
[WhiteElo "2151"]
[BlackElo "2285"]
[WhiteFideId "4167155"]
[BlackFideId "4141296"]
[EventDate "2016.10.04"]

1. d4 e6 2. c4 Bb4+ 3. Nc3 b6 4. Nf3 Bb7 5. a3 Bxc3+ 6. bxc3 f5 7. e3 Nf6 8. a4
O-O 9. a5 Ne4 10. Qb3 Nc6 11. a6 Bc8 12. Bd3 Na5 13. Qc2 Bxa6 14. c5 Bxd3 15.
Qxd3 Nb3 16. Rb1 Nxc1 17. Rxc1 bxc5 18. O-O d6 19. Ra1 Qd7 20. Ra5 cxd4 21. cxd4
Rfb8 22. g3 h6 23. Nh4 a6 24. Rxa6 Rxa6 25. Qxa6 Rb2 26. Ng6 Qe8 27. Nf4 Kh7 28.
Qc4 Nd2 29. Qc3 Ra2 30. Rd1 Nf3+ 31. Kg2 Ng5 32. h4 Ne4 33. Qxc7 Rxf2+ 34. Kg1
Ra2 35. Rb1 e5 36. Rb7 Qg8 37. Nh5 Ra1+ 38. Kh2 Ra2+ 39. Kg1 Ra1+ 40. Kh2 Qa2+ 0-1

[Event "ch-RUS Blitz w 2016"]
[Site "Sochi RUS"]
[Date "2016.10.04"]
[Round "8.15"]
[White "Shaydullina, Sandugach"]
[Black "Travkina, Anastasia"]
[Result "0-1"]
[WhiteTitle "WGM"]
[BlackTitle "WFM"]
[WhiteElo "2142"]
[BlackElo "2292"]
[WhiteFideId "4140389"]
[BlackFideId "24129151"]
[EventDate "2016.10.04"]

1. d4 d5 2. Nf3 Nf6 3. c4 c6 4. Qc2 dxc4 5. Qxc4 Bg4 6. Nbd2 Nbd7 7. g3 e6 8.
Bg2 Be7 9. O-O O-O 10. Ne5 Nxe5 11. dxe5 b5 12. Qxc6 Nd5 13. Qxb5 Qc7 14. a3
Qxe5 15. Nf3 Qc7 16. e4 Rab8 17. Qe2 Nf6 18. Bf4 e5 19. Bg5 Rb3 20. h3 Be6 21.
Rac1 Qa5 22. Rfd1 h6 23. Bd2 Qb6 24. Bc3 Nd7 25. Bf1 Bf6 26. Nd2 Bg5 27. Nxb3
Qxb3 28. Rc2 Nb6 29. Bxe5 Bc4 30. Rxc4 Nxc4 31. Rd5 Nxe5 32. Rxe5 Bf6 33. Rb5
Qe6 34. Qc4 Qd7 35. e5 Bd8 36. Qd5 Qf5 0-1

[Event "ch-RUS Blitz w 2016"]
[Site "Sochi RUS"]
[Date "2016.10.04"]
[Round "9.1"]
[White "Tomilova, Elena"]
[Black "Pustovoitova, Daria"]
[Result "1-0"]
[WhiteTitle "WIM"]
[BlackTitle "FM"]
[WhiteElo "2309"]
[BlackElo "2386"]
[WhiteFideId "4162340"]
[BlackFideId "4182146"]
[EventDate "2016.10.04"]

1. c4 Nf6 2. g3 c6 3. Bg2 d5 4. Qc2 d4 5. Nf3 c5 6. d3 Nc6 7. O-O e5 8. e3 h6 9.
exd4 exd4 10. Re1+ Be7 11. a3 O-O 12. Nbd2 Bd6 13. Ne4 Nxe4 14. Rxe4 Bf5 15. Re1
Qd7 16. Bd2 Bh7 17. Rab1 Qf5 18. Re4 Qh5 19. Rh4 Qg6 20. Re4 Qf6 21. Re2 g5 22.
b4 Rae8 23. Rxe8 Rxe8 24. bxc5 Bxc5 25. Rxb7 Bxa3 26. Qa4 Bd6 27. Qxc6 Bxd3 28.
Qxe8+ Kg7 29. Qc6 Qe6 30. Qd5 Qf6 31. Qxd4 1-0

[Event "ch-RUS Blitz w 2016"]
[Site "Sochi RUS"]
[Date "2016.10.04"]
[Round "9.2"]
[White "Girya, Olga"]
[Black "Charochkina, Daria"]
[Result "0-1"]
[WhiteTitle "WGM"]
[BlackTitle "IM"]
[WhiteElo "2446"]
[BlackElo "2366"]
[WhiteFideId "4195752"]
[BlackFideId "4180917"]
[EventDate "2016.10.04"]

1. d4 f5 2. c4 Nf6 3. Nc3 e6 4. Qc2 Bb4 5. e3 O-O 6. Bd3 b6 7. Ne2 Bb7 8. f3 c5
9. a3 Bxc3+ 10. bxc3 Nc6 11. O-O Rc8 12. a4 Na5 13. Ba3 Re8 14. Rab1 cxd4 15.
cxd4 Nxc4 16. Bxc4 d5 17. a5 Ba6 18. axb6 axb6 19. Bc5 Bxc4 20. Bxb6 Qd6 21. Bc5
Qa6 22. Rf2 Nd7 23. Rc1 Nxc5 24. dxc5 Rxc5 25. Nd4 Rec8 26. Qb2 Qd6 27. f4 Rb8
28. Qc3 Rcc8 29. Rb2 Rxb2 30. Qxb2 Qc5 31. Qd2 Kf7 32. Nf3 Rc7 33. h3 Qb6 34.
Ne5+ Ke7 35. Kh2 Qd6 36. Nf3 h6 37. Qd4 Kf8 38. Ne5 Ba6 39. Rb1 Rb7 40. Rc1 Rc7
41. Rb1 Rb7 42. Ra1 Kg8 43. Rc1 Rc7 44. Ra1 Kh7 45. Nf3 Be2 46. Ne5 Ba6 47. Qa4
Bc8 48. Qe8 Qe7 49. Qg6+ Kg8 50. Ra8 Qd8 51. Qxe6+ Bxe6 52. Rxd8+ Kh7 53. Rd6
Bg8 54. Kg3 Rc3 55. Kf2 Rc2+ 56. Kf3 Rc3 57. Nc6 Bf7 58. Nd4 g6 59. Rf6 Kg7 60.
Rd6 Rc1 61. g4 fxg4+ 62. hxg4 Rh1 63. Kg3 Rg1+ 64. Kf3 Rf1+ 65. Kg2 Re1 66. Kf2
Rh1 67. Rd7 Kf6 68. g5+ hxg5 69. fxg5+ Kg7 70. Ne6+ Kg8 71. Rd8+ Kh7 72. Rd7 Kg8
73. Nd8 Be8 74. Rxd5 Rh5 75. Kg3 Rh1 76. Kf4 Rf1+ 77. Kg3 Rg1+ 78. Kf2 Rc1 79.
Ne6 Rc2+ 80. Kg3 Re2 81. Kf4 Rf2+ 82. Kg4 Re2 83. Rd8 Kf7 84. Kf3 Re1 85. Nf4
Ke7 86. Rb8 Rf1+ 87. Kg3 Re1 88. Kf2 Rc1 89. Nd5+ Kf7 90. Nf6 Ba4 91. Rb7+ Ke6
92. Rb6+ Kf5 93. Rb4 Ra1 94. Ne4 Bc6 95. Ng3+ Kxg5 96. Ne2 Ra2 97. Rd4 Kh6 98.
Rf4 Bb5 99. Rh4+ Kg5 0-1